<?xml version="1.0" encoding="UTF-8"?>
<collection xmlns="http://www.loc.gov/MARC21/slim">
 <record>
  <leader>00752nam a2200169   4500</leader>
  <controlfield tag="001">1/49553</controlfield>
  <controlfield tag="008">930331s1990    gr            000 0 gre d</controlfield>
  <datafield tag="035" ind1=" " ind2=" ">
   <subfield code="l">1172</subfield>
  </datafield>
  <datafield tag="040" ind1=" " ind2=" ">
   <subfield code="a">GR-PeUP</subfield>
  </datafield>
  <datafield tag="090" ind1=" " ind2=" ">
   <subfield code="a">001.642'5 PC ΜΤΦ</subfield>
  </datafield>
  <datafield tag="245" ind1="0" ind2="0">
   <subfield code="a">PC Tools Deluxe :</subfield>
   <subfield code="b">Εγχειρίδιο χρήσης για τις εκδόσεις 5.5 &amp; 5.1,τόμος Α'/</subfield>
   <subfield code="c">Νίκος Σακκάς μτφ.</subfield>
  </datafield>
  <datafield tag="260" ind1=" " ind2=" ">
   <subfield code="a">Αθήνα :</subfield>
   <subfield code="b">Κλειδάριθμος,</subfield>
   <subfield code="c">1990.</subfield>
  </datafield>
  <datafield tag="300" ind1=" " ind2=" ">
   <subfield code="a">267 σ. ;</subfield>
   <subfield code="c">24 εκ.</subfield>
  </datafield>
  <datafield tag="650" ind1=" " ind2="4">
   <subfield code="a">Προγράμματα Ηλεκτρονικών υπολογιστών.</subfield>
  </datafield>
  <datafield tag="650" ind1=" " ind2="4">
   <subfield code="a">PC Tools Deluxe.</subfield>
  </datafield>
  <datafield tag="700" ind1="1" ind2=" ">
   <subfield code="a">Σακκάς, Νίκος,</subfield>
   <subfield code="e">μτφ</subfield>
  </datafield>
  <datafield tag="852" ind1=" " ind2=" ">
   <subfield code="a">INST</subfield>
   <subfield code="b">UNIPILB</subfield>
   <subfield code="c">MAIN</subfield>
   <subfield code="e">20040709</subfield>
   <subfield code="h">001.642'5 PC ΜΤΦ</subfield>
   <subfield code="p">00121175</subfield>
   <subfield code="q">00121175</subfield>
   <subfield code="t">NOLOAN</subfield>
   <subfield code="v">τ.Α:</subfield>
   <subfield code="y">23</subfield>
   <subfield code="z">τ.Α</subfield>
   <subfield code="4">1</subfield>
  </datafield>
 </record>
</collection>
